| 000 | 00304nam a22001217a 4500 | ||
|---|---|---|---|
| 020 | _a978-93-8631-406-2 | ||
| 082 |
_a625.7 _bGUP _cN-2,P-99 |
||
| 100 |
_aGupta, Avinash _951507 |
||
| 245 | _aHighway Engineering | ||
| 300 |
_a288p. _bill. |
||
| 526 |
_a0 _b0 _c0 _d625_700000000000000_GUP |
||
| 942 |
_2ddc _cBK |
||
| 999 |
_c554192 _d554192 |
||